000 00553nam a22002057a 4500
003 BD-DhSAU
005 20230218111807.0
008 221809b2020 bg | ||| |||| 001 0 ben d
020 _a9781412947770
040 _aBD-DhSAU
082 _222
_a307.1701
_bM5847
100 _aMidgley, James
245 _aSocial Devlopment: Theory & Practice
260 _aDilli;
_bSega,
_c2014
300 _a280পৃ. ;
_c২২ সেমি।
590 _aনাজমুল
650 _aSocial Devlopment
651 _aTheory & Practice
942 _2ddc
_cBOOK
999 _c16638
_d16637